000 00271nam a2200109Ia 4500
008 220204s9999 xx 000 0 und d
082 _a82-3
_bKIR
100 _aKirkland, Elithe Hamilton
245 0 _aLove is a wild assault
260 _aNew York
_bAvon
_c1977
942 _cBK
999 _c30921
_d30921